000 01662cam a22004574a 4500
003 PE-LiUPU
005 20250731172829.0
008 050314 2013 sp gr f001 0 spa d
020 _a9788433026484
035 _a(Sirsi) i9788433026484
035 _a(Sirsi) 52106
035 _a(Sirsi) 52106
041 _aspa
044 _asp
082 0 4 _a269.2
_bP45
100 1 _aPérez Álvarez, José Luis (1934-)
245 _aVivimos y transmitimos en comunidad el evangelio de Jesús /
_cJosé Luis Pérez Álvarez.
264 1 _aBilbao :
_bDesclée de Brouwer,
_c2013
300 _a247 páginas ;
_c21 centímetros.
490 1 _a(Cristianismo y sociedad ;
_v87)
505 0 _aImpulsados por el testimonio y el servicio del papa Francisco -- La comunIdad de jesús en eL evangeLIo por eL reIno -- -- Las comunidades apostólicas en el espíritu -- Concilio vaticano II -- La iglesia como comunión en la fe -- La comunidad.
526 _aSEG42
526 _aSEG41
526 _aSEG40
526 _aSEG39
526 _aP94
526 _aP87
526 _aP86
526 _aP85
526 _aP77
526 _aP76
526 _aP35
650 1 4 _aEvangelismo
_9953
859 _q69516
910 _agl20131210
942 _2ddc
_cBOOK
949 _i69516
_lCCODEBUL1
_mBUL
_tLIBRO
_o.STAFF. Colección Teología
596 _a1
999 _a269.2 P45
_wDEWEY
_c6044
_i69516
_d6044
_e2017-6-18
_f2021-11-10
_g5
_lCCODEBUL1
_mBUL
_n1
_p28.00
_r0
_sY
_tBOOK
_u2015-7-6
_xTEOLOGIA
_PP35
_0COMPRA
_o.STAFF. Colección Teología
980 _81
_gALBERTO SANCHEZ Responsable de Automatización